000 00280nam a22001217a 4500
008 180905b xxu||||| |||| 00| 0 eng d
041 _aeng
080 _a330
100 _a59
101 _aBIS
245 _aComplete Business Etiquette Handbook
_cPachter.B
942 _2udc
_cBK
999 _c47561
_d47561